Candarave: Memoria y pasión de una provincia andina

Saved in:
Bibliografiske detaljer
Main Authors: Benito Rodríguez, José Antonio (Author), Cusicanqui Linares, Soledad Felícitas (Author)
Format: Bog
Sprog:spansk
Udgivet: Arequipa Gracu 1996
Udgivelse:1a. ed
Fag:
Tags: Tilføj Tag
Ingen Tags, Vær først til at tagge denne postø!

MARC

LEADER 00000nam a2200000 a 4500
001 UCH3402
003 CL-VaPUC
008 090723e19960800PE |||||||||||||||||spa|d
082 0 4 |a 985  |b BEN  |2 21 
100 0 |a Benito Rodríguez, José Antonio  |e author  |9 538737 
700 0 |a Cusicanqui Linares, Soledad Felícitas  |e author  |9 538738 
245 1 0 |a Candarave: Memoria y pasión de una provincia andina 
250 |a 1a. ed 
300 |a 358 p 
942 |c BK 
945 |d 20090723 00:00:00  |a dcastane 
260 |a Arequipa  |b Gracu  |c 1996 
650 0 |a Historia del Perú   |9 430972 
651 0 |a Perú  |9 256567 
651 7 |a CANDARAVE  |2 CL-VaPUC  |9 538739 
583 |a last modification  |c 20090723 00:00:00  |k Rodrigo Vera 
999 |c 334971  |d 334969 
952 |0 0  |1 0  |4 0  |6 985_000000000000000_BEN_1996  |7 0  |8 X  |9 424417  |a FDOBUD  |b FDOBUD  |d 2019-11-22  |i 4578325  |o 985 BEN 1996  |p 4578325  |r 2019-11-22  |w 2019-11-22  |y BK_X  |k BUD